| 000 | 00833nam a2200265 a 4500 | ||
|---|---|---|---|
| 999 |
_c7113 _d7113 |
||
| 001 | 7467 | ||
| 003 | BD-DhUAP | ||
| 005 | 20210113155807.0 | ||
| 008 | 201221s2003 ii a b 001 0 eng d | ||
| 020 | _a0072467665 | ||
| 020 | _a0071151443 | ||
| 040 |
_aDLC _cDLC _dDLC _dBD-DhUAP _beng |
||
| 082 | 0 | 0 |
_a658.15 BRE _223 |
| 100 | 1 |
_aBrealey, Richard A. _932556 |
|
| 245 | 1 | 0 |
_aPrinciples of corporate finance / _cRichard A. Brealey and Stewart C. Myers. |
| 250 | _a7th ed. | ||
| 260 |
_aNew Delhi : _bTata McGraw-Hill, _cc2003. |
||
| 300 |
_axxv, 1071 pages : _billustrations ; _c26 cm. |
||
| 490 | _aThe Irwin/McGraw-Hill series in finance. | ||
| 504 | _aIncludes bibliographical references and index. | ||
| 650 | 0 |
_aCorporations _xFinance. _932557 |
|
| 700 | 1 |
_aMyers, Stewart C. _932558 |
|
| 942 | 0 | 0 |
_2ddc _cBK |